|
|
|
|
| LEADER |
00984cam a2200265 7i4500 |
| 001 |
0000028076 |
| 005 |
20170218090000.0 |
| 008 |
100421 eng |
| 020 |
|
|
|a 1423925467 (pbk.)
|
| 020 |
|
|
|a 9781423925460
|
| 040 |
|
|
|a DLC
|
| 090 |
0 |
0 |
|a QA76.76.H94
|b C37 2009
|
| 100 |
1 |
|
|a Carey, Patrick
|
| 245 |
0 |
0 |
|a New perspectives on HTML and XHTML :
|b comprehensive
|c Patrick Carey.
|
| 260 |
|
|
|a Boston, Mass.:
|b Course Technology, Cengage Learning,
|c 2009.
|
| 300 |
|
|
|a xv, 616, [129] p.:
|b col. ill.;
|c 28 cm.
|
| 490 |
0 |
|
|a New perspectives series
|
| 500 |
|
|
|a Includes index
|
| 650 |
0 |
0 |
|a Web sites --
|x Design
|
| 650 |
0 |
0 |
|a XHTML (Document markup language)
|
| 650 |
0 |
0 |
|a HTML (Document markup language)
|
| 997 |
|
|
|a Communication, Visual Art & Computing, Faculty
|b Computing, Department
|
| 998 |
|
|
|a Computer Science, Degree
|
| 999 |
|
|
|a 0000040618
|b BOK
|c OPEN SHELF
|e 2nd Floor, Bestari Jaya
|
| 999 |
|
|
|a 0000040619
|b BOK
|c OPEN SHELF
|e 2nd Floor, Bestari Jaya
|